| 000 | 00593cam a2200229 4500 | ||
|---|---|---|---|
| 001 | ABS66165 | ||
| 008 | 021126n2002 000 0 eng u | ||
| 035 | _a(Sirsi) u120579 | ||
| 245 | _aFocus 2002: Public sector | ||
| 260 | _c2002 | ||
| 490 |
_aEstates Gazette _v(0244) 2 November 2002, 131-137(7) |
||
| 590 | _aABS | ||
| 650 | _aASSET MANAGEMENT | ||
| 650 | _aPROPERTY PORTFOLIOS | ||
| 650 | _aREGIONAL DEVELOPMENT AGENCIES | ||
| 650 | _aDEVELOPMENT | ||
| 650 | _aRDAS | ||
| 650 | _aDEVELOPMENT | ||
| 650 | _aPLANNING APPLICATIONS | ||
| 690 | _aLOCAL GOVERNMENT | ||
| 942 | _n0 | ||
| 999 |
_c71636 _d71636 |
||